<?xml version="1.0" encoding="UTF-8"?>
<collection xmlns="http://www.loc.gov/MARC21/slim">
 <record>
  <leader>00629nam a2200193   4500</leader>
  <controlfield tag="001">000006446</controlfield>
  <controlfield tag="003">2601</controlfield>
  <controlfield tag="005">20150812140807.0</controlfield>
  <controlfield tag="008">110912s                               sd</controlfield>
  <datafield tag="245" ind1="0" ind2="0">
   <subfield code="a">Thí nghiệm thực hành phương pháp dạy học hoá học</subfield>
  </datafield>
  <datafield tag="774" ind1=" " ind2=" ">
   <subfield code="b">Tái bản lần thứ 1, có sửa chữa</subfield>
   <subfield code="d">Nxb Đại học Sư phạm</subfield>
   <subfield code="d">H.</subfield>
   <subfield code="d">2008</subfield>
   <subfield code="g">T.3</subfield>
   <subfield code="h">230tr.</subfield>
   <subfield code="t">Phương pháp dạy học hóa học</subfield>
   <subfield code="w">2606</subfield>
  </datafield>
  <datafield tag="OWN" ind1=" " ind2=" ">
   <subfield code="a">LSP</subfield>
  </datafield>
  <datafield tag="999" ind1=" " ind2=" ">
   <subfield code="a">From the UDN01</subfield>
  </datafield>
  <datafield tag="TYP" ind1=" " ind2=" ">
   <subfield code="a">Monograph</subfield>
  </datafield>
  <datafield tag="TYP" ind1=" " ind2=" ">
   <subfield code="a">Printed language</subfield>
  </datafield>
  <datafield tag="980" ind1=" " ind2=" ">
   <subfield code="a">Mạng thư viện Đại học Đà Nẵng</subfield>
  </datafield>
 </record>
</collection>
<br />
<b>Notice</b>:  fwrite(): write of 437 bytes failed with errno=28 No space left on device in <b>C:\vufind\module\VuFind\src\VuFind\Session\File.php</b> on line <b>152</b><br />
Cannot write session to C:\Windows\TEMP\vufind_sessions/sess_68ku5runojcc1qtapkj970k108
<br />
<b>Warning</b>:  session_write_close(): Failed to write session data using user defined save handler. (session.save_path: \xampp\tmp) in <b>C:\vufind\vendor\laminas\laminas-session\src\SessionManager.php</b> on line <b>235</b><br />
